Логическая схема для автоматической оценки величины литейных дефектов ротора асинхронного двигателя; Известия Томского политехнического института [Известия ТПИ]; Т. 161

Xehetasun bibliografikoak
Parent link:Известия Томского политехнического института [Известия ТПИ]/ Томский политехнический институт (ТПИ).— , 1944-1976
Т. 161.— 1967.— [С. 77-80]
Beste egile batzuk: Зайцев А. И. Александр Иванович, Михалев В. И., Перфильев Л. В., Табинский М. П.
Gaia:Заглавие с титульного листа
Электронная версия печатной публикации
Hizkuntza:errusiera
Argitaratua: 1967
Gaiak:
Sarrera elektronikoa:Черно-белая версия для предварительного просмотра
Цветная версия без потери качества
Formatua: Baliabide elektronikoa Liburu kapitulua
KOHA link:https://koha.lib.tpu.ru/cgi-bin/koha/opac-detail.pl?biblionumber=211272

MARC

LEADER 00000nla2a2200000 4500
001 211272
005 20231031192440.0
035 |a (RuTPU)RU\TPU\book\230779 
035 |a RU\TPU\book\230778 
090 |a 211272 
100 |a 20120312d1967 k y0rusy50 ca 
101 0 |a rus 
102 |a RU 
135 |a drnn ---uucaa 
181 0 |a i  
182 0 |a b 
200 1 |a Логическая схема для автоматической оценки величины литейных дефектов ротора асинхронного двигателя  |b Электронный ресурс  |f А. И. Зайцев [и др.] 
203 |a Текст  |c электронный 
215 |a 2 файла (178 Кб, 6.7 Мб) 
230 |a Электронные текстовые данные (2 файла : 178 Кб, 6.7 Мб) 
300 |a Заглавие с титульного листа 
300 |a Электронная версия печатной публикации 
320 |a [Библиогр.: с. 80 (1 назв.)] 
337 |a Adobe Reader 
461 1 |0 (RuTPU)RU\TPU\book\200995  |t Известия Томского политехнического института [Известия ТПИ]  |f Томский политехнический институт (ТПИ)  |d 1944-1976 
463 1 |0 (RuTPU)RU\TPU\book\230697  |t Т. 161  |v [С. 77-80]  |d 1967  |p 176 с. 
610 1 |a электронный ресурс 
610 1 |a труды учёных ТПУ 
701 1 |a Зайцев  |b А. И.  |c российский ученый, специалист в области энергетики  |c профессор Томского политехнического института  |f 1923-  |g Александр Иванович  |2 stltpush  |3 (RuTPU)RU\TPU\pers\19789 
701 1 |a Михалев  |b В. И. 
701 1 |a Перфильев  |b Л. В. 
701 1 |a Табинский  |b М. П. 
801 1 |a RU  |b 63413507  |c 20090320  |g PSBO 
801 2 |a RU  |b 63413507  |c 20120511  |g PSBO 
856 4 |u http://www.lib.tpu.ru/fulltext/v/Bulletin_TPU/1967/v161/16_bw.pdf  |z Черно-белая версия для предварительного просмотра 
856 4 |u http://www.lib.tpu.ru/fulltext/v/Bulletin_TPU/1967/v161/16_full.pdf  |z Цветная версия без потери качества 
942 |c CF